| 000 | 00652cam a2200241 4500500 | ||
|---|---|---|---|
| 005 | 20260329003213.0 | ||
| 041 | _afre | ||
| 042 | _adc | ||
| 100 | 1 | 0 |
_aEnjalbert, Cédric _eauthor |
| 245 | 0 | 0 | _aRésonances / mars 2015 |
| 260 | _c2015. | ||
| 500 | _a86 | ||
| 690 | _aFinance | ||
| 690 | _aGiorgios Faraklas | ||
| 690 | _aGrèce | ||
| 690 | _aInternet | ||
| 690 | _aLiberté | ||
| 690 | _aMorale | ||
| 690 | _aSécurité | ||
| 690 | _aWeb | ||
| 786 | 0 | _nPhilosophie magazine | 87 | 3 | 2015-03-01 | p. 6-6 | 1951-1787 | |
| 856 | 4 | 1 | _uhttps://shs.cairn.info/magazine-philosophie-magazine-2015-3-page-6?lang=fr&redirect-ssocas=7080 |
| 999 |
_c1822338 _d1822338 |
||